Karl Marx. Una biografia.

Zapisane w:
Opis bibliograficzny
1. autor: Liedman, Sven-Eric (autor)
Kolejni autorzy: Madariaga, Juanmari (traductor)
Format: Nieznany
Wydane: Madrid, España: Ediciones Akal, 2020.
Seria:Biografías.
Hasła przedmiotowe:
Etykiety: Dodaj etykietę
Nie ma etykietki, Dołącz pierwszą etykiete!

MARC

LEADER 00000 a2200000 4500
003 CL-VaPUC
005 20241212091200.0
008 221018t2020 ||||| |||| 00| 0 eng d
999 |c 438754  |d 438752 
020 |a 978-84-460-4846-6 
040 |c Pontificia Universidad Católica de Valparaíso 
082 |2 22  |a 923.2 LIE 2020 
100 |a Liedman, Sven-Eric   |9 876717  |e autor 
245 |a Karl Marx.   |b Una biografia. 
260 |a Madrid, España:  |b Ediciones Akal,  |c 2020. 
300 |a 637 páginas. 
490 |a Biografías.  
583 |k Cristina María Rojas Aguilar  |c 20221018 
600 0 |a Marx, Karl Heinrich,  |d 1818-1883  |x Biografías   |x Político comunista  |z Alemania   |9 861123 
650 0 |9 256302  |a Políticos   |v Biografías   |x Comunismo   |y Siglo 19   |z Alemania 
700 |9 860999  |a Madariaga, Juanmari  |e traductor 
942 |2 ddc  |c BK 
952 |0 0  |1 0  |2 ddc  |4 0  |6 923_200000000000000_LIE_2020  |7 0  |8 A  |9 587271  |a BIBHIS  |b BIBHIS  |c GEN  |d 2022-10-13  |e 3  |g 33930.00  |i 5655204  |l 2  |o 923.2 LIE 2020  |p 5655204  |r 2025-01-20  |s 2024-10-18  |t 1  |v 33930.00  |w 2022-10-13  |y BK  |k HIS